LEADER 00879nam0-22002891i-450- 001 990005071730403321 005 19990530 035 $a000507173 035 $aFED01000507173 035 $a(Aleph)000507173FED01 035 $a000507173 100 $a19990530g19679999km-y0itay50------ba 101 0 $aita 105 $ay-------001yy 200 1 $aApologia, sive, Pro se de magia liber$fApulei$gwith introduction and commentary by H.E. Butler and A.S. Owen 210 $aHildesheim$cG. Olms$d1967. 215 $aLXVI, 208 p.$d21 cm 700 1$aApuleius$f<2. sec.>$0384745 702 1$aButler,$bHarold Edgeworth$f<1878-1951> 702 1$aOwen,$bA.S. 801 0$aIT$bUNINA$gRICA$2UNIMARC 901 $aBK 912 $a990005071730403321 952 $aVII B 90$bBibl. 41400$fFLFBC 959 $aFLFBC 996 $aApologia, sive, Pro se de magia liber$9531725 997 $aUNINA LEADER 01058nam a2200301 i 4500 001 991001434819707536 005 20020507193411.0 008 960430s1979 de ||| | eng 020 $a3540092560 035 $ab1084708x-39ule_inst 035 $aLE01312227$9ExL 040 $aDip.to Matematica$beng 082 0 $a510.8 082 0 $a512.55 084 $aAMS 17B 100 1 $aScheunert, Manfred$048593 245 14$aThe theory of Lie superalgebras :$ban introduction /$cM. Scheunert 260 $aBerlin :$bSpringer-Verlag,$c1979 300 $ax, 271 p. ;$c25 cm. 490 0 $aLecture notes in mathematics,$x0075-8434 ;$v716 500 $aIncludes bibliographical references and index 650 4$aLie algebras 907 $a.b1084708x$b23-02-17$c28-06-02 912 $a991001434819707536 945 $aLE013 17B SCH11 (1979) Smarrito$g1$i2013000046921$lle013$on$pE0.00$q-$rn$sm $t0$u7$v8$w7$x0$y.i10957959$z28-06-02 996 $aTheory of Lie superalgebras$981108 997 $aUNISALENTO 998 $ale013$b01-01-96$cm$da $e-$feng$gde $h4$i1